Giáo trình toán đại cương : Giải tích, t. II (Dùng cho nhóm ngành 1) . phần II /
Spremljeno u:
| Glavni autor: | |
|---|---|
| Daljnji autori: | , |
| Format: | Sách giấy |
| Jezik: | Vietnamese |
| Izdano: |
Hà Nội :
Khoa học và Kỹ thuật ,
1998
|
| Oznake: |
Dodaj oznaku
Bez oznaka, Budi prvi tko označuje ovaj zapis!
|
| Thư viện lưu trữ: | Thư viện Trường Đại học Đà Lạt |
|---|
| LEADER | 00738nam a2200265 4500 | ||
|---|---|---|---|
| 001 | DLU020009782 | ||
| 005 | ##11/2/1999 | ||
| 041 | # | # | |a vie |
| 082 | # | # | |a 515 |b Gia |
| 090 | # | # | |a 515 |b Gia |
| 100 | # | # | |a Phạm Ngọc Thao |
| 245 | # | # | |a Giáo trình toán đại cương : |b Giải tích, t. II (Dùng cho nhóm ngành 1) . |n phần II / |c Phạm Ngọc Thao, Lê Mậu Hải, Nguyễn Văn Khuê |
| 260 | # | # | |a Hà Nội : |b Khoa học và Kỹ thuật , |c 1998 |
| 300 | # | # | |a 262 tr.; |c 21 cm. |
| 700 | # | # | |a Lê Mậu Hải |
| 700 | # | # | |a Nguyễn Văn Khuê |
| 992 | # | # | |a 19800 |
| 994 | # | # | |a DLU |
| 900 | # | # | |a False |
| 911 | # | # | |a admin |
| 925 | # | # | |a G |
| 926 | # | # | |a A |
| 927 | # | # | |a SH |
| 980 | # | # | |a Thư viện Trường Đại học Đà Lạt |